Statystyki dla Do którego państwa należy ta wyspa

Kliknij tutaj aby rozwiązać quiz!

Ogólne statystyki

  • Ten quiz został rozwiązany 91 razy
  • Średni wynik to 12 z 15

Statystyki odpowiedzi

WyspaPaństwo% Poprawnych
KretaGrecja
99%
HokkaidoJaponia
99%
PortorykoStany Zjednoczone
95%
MajorkaHiszpania
94%
TasmaniaAustralia
93%
SvalbardNorwegia
92%
FalklandyWielka Brytania
92%
MadeiraPortugalia
86%
OlandiaSzwecja
83%
Nowa FundlandiaKanada
81%
ZelandiaDania
78%
Wyspy AlandzkieFinlandia
78%
SumatraIndonezja
78%
TobagoTrynidad i Tobago
78%
NegrosFilipiny
23%

Rozkład punktacji

Percentyl według liczby udzielonych odpowiedzi

Procent ludzi z każdym wynikiem

Twoja historia wyników

Nie rozwiązałeś tego quizu